000 00419pab a2200169 454500
008 180718b1980 xxu||||| |||| 00| 0 eng d
100 _aBhambhri, C.P.
245 _aGopal on Nehru (Review article)
260 _c1980
300 _ap.177-180.
362 _aJan-Mar
650 _aReview article
650 _aNehru, Jawaharlal
773 _aIndian Journal of Public Administration
908 _aN
909 _a88458
999 _c88458
_d88458